| 000 | 00518nac a22001691u 4500 | ||
|---|---|---|---|
| 020 | _a8170413494 | ||
| 082 |
_a667.25 _bTYA |
||
| 090 |
_c9718 _d9718 |
||
| 100 | _a20080729 | ||
| 245 |
_aA textbook of synthetic dyes/ _cO. D. Tyagi & M. Yadav |
||
| 260 |
_aNew Delhi: _bAnmol publications,2001 _c2001 |
||
| 300 |
_a304p.: _bill.; _c22 cm. |
||
| 500 | _adistributer: Al-Ahram | ||
| 511 | _acatalogued by: wessam | ||
| 650 | _aDyes and dyeing | ||
| 942 |
_cBB _k667.25TYA |
||
| 999 |
_c9718 _d9718 |
||